[Event "MCRE_CF08"]
[Site "?"]
[Date "2005.??.??"]
[Round "?"]
[White "Bares, Jiri"]
[Black "Rotter, Walter"]
[Result "1-0"]
[WhiteElo "2174"]
[BlackElo "1964"]
[PlyCount "43"]
[EventDate "2005.??.??"]
[EventType "corr"]
[EventRounds "2"]
[SourceDate "2006.01.27"]

1. d4 Nf6 2. c4 d5 3. cxd5 Nxd5 4. Nf3 g6 5. e4 Nf6 6. Nc3 Bg7 7. Bc4 c6 8. e5
Nd5 9. Qb3 e6 10. Ne4 O-O 11. h4 b5 12. Bd3 a5 13. h5 a4 14. Qc2 Nb4 15. Qd2
Qa5 16. Kf1 Nxd3 17. Qxd3 b4 18. Kg1 Ba6 19. Qe3 Nd7 20. hxg6 hxg6 21. Nfg5 Qd5
22. Rh8+ 1-0

[Event "MCRE_CF08"]
[Site "?"]
[Date "2005.??.??"]
[Round "?"]
[White "Bares, Jiri"]
[Black "Struzka, Vlastimil"]
[Result "1/2-1/2"]
[WhiteElo "2174"]
[BlackElo "2190"]
[PlyCount "49"]
[EventDate "2005.??.??"]
[EventType "corr"]
[EventRounds "2"]
[SourceDate "2006.01.27"]

1. d4 d5 2. c4 e6 3. Nc3 Nf6 4. Nf3 Nbd7 5. cxd5 exd5 6. Bg5 h6 7. Bh4 Bd6 8.
e3 O-O 9. Nxd5 g5 10. Nxf6+ Qxf6 11. Bg3 Bb4+ 12. Nd2 Nc5 13. Qf3 Bf5 14. O-O-O
Qe6 15. dxc5 Rad8 16. Bxc7 Rd7 17. a3 Bxd2+ 18. Rxd2 Rxc7 19. b4 Be4 20. Qd1
Qe5 21. Bd3 Rd8 22. Bxe4 Qa1+ 23. Kc2 Qa2+ 24. Kc3 Qxa3+ 25. Kc2 1/2-1/2

[Event "MCRE_CF08"]
[Site "?"]
[Date "2005.??.??"]
[Round "?"]
[White "Rotter, Walter"]
[Black "Bultman, Milan"]
[Result "0-1"]
[WhiteElo "1964"]
[BlackElo "2141"]
[PlyCount "44"]
[EventDate "2005.??.??"]
[EventType "corr"]
[EventRounds "2"]
[SourceDate "2006.01.27"]

1. d4 Nf6 2. c4 g6 3. Nf3 Bg7 4. Nbd2 c5 5. d5 e6 6. e4 d6 7. dxe6 fxe6 8. Bd3
Nfd7 9. Nb3 a5 10. a4 Nc6 11. h4 h6 12. e5 Ndxe5 13. Nxe5 Nxe5 14. f4 Nxd3+ 15.
Qxd3 O-O 16. Qxg6 b6 17. g4 Ba6 18. g5 Qe8 19. Qd3 h5 20. Qxd6 Bxc4 21. Nd2 Qg6
22. Rh2 Rad8 0-1

[Event "MCRE_CF08"]
[Site "?"]
[Date "2005.??.??"]
[Round "?"]
[White "Rotter, Walter"]
[Black "Pauschek, Roman"]
[Result "0-1"]
[WhiteElo "1964"]
[BlackElo "2124"]
[PlyCount "54"]
[EventDate "2005.??.??"]
[EventType "corr"]
[EventRounds "2"]
[SourceDate "2006.01.27"]

1. d4 d5 2. c4 e6 3. Nf3 Nf6 4. Nc3 c5 5. cxd5 Nxd5 6. e3 Nc6 7. Bc4 cxd4 8.
exd4 Be7 9. O-O O-O 10. Re1 Bf6 11. Ne4 b6 12. a3 Bb7 13. Nxf6+ Nxf6 14. Be3
Rc8 15. Rc1 Qd6 16. Qe2 h6 17. Bd3 Rfd8 18. b4 Ng4 19. h3 Nxd4 20. Bxd4 Rxc1
21. Rxc1 Bxf3 22. Qxf3 Qxd4 23. hxg4 Qxd3 24. Qxd3 Rxd3 25. Rc8+ Kh7 26. Rc7
Rxa3 27. Rd7 Kg6 0-1

[Event "MCRE_CF08"]
[Site "?"]
[Date "2005.??.??"]
[Round "?"]
[White "Pauschek, Roman"]
[Black "Rotter, Walter"]
[Result "1-0"]
[WhiteElo "2141"]
[BlackElo "1964"]
[PlyCount "51"]
[EventDate "2005.??.??"]
[EventType "corr"]
[EventRounds "2"]
[SourceDate "2006.01.27"]

1. e4 e5 2. Nf3 Nf6 3. Nxe5 d6 4. Nf3 Nxe4 5. d4 d5 6. Bd3 Bd6 7. O-O O-O 8. c4
c6 9. Qc2 Na6 10. a3 Bg4 11. Ne5 Bxe5 12. dxe5 Nac5 13. f3 Nxd3 14. Qxd3 Nc5
15. Qd4 Nb3 16. Qxg4 Qb6+ 17. Kh1 Nxa1 18. Bh6 g6 19. Qf4 f5 20. Bxf8 Rxf8 21.
cxd5 cxd5 22. Nc3 d4 23. Nd5 Qb5 24. Ne7+ Kf7 25. Rxa1 Qxb2 26. Rd1 1-0

[Event "MCRE_CF08"]
[Site "?"]
[Date "2005.??.??"]
[Round "?"]
[White "Pauschek, Roman"]
[Black "Struzka, Vlastimil"]
[Result "1/2-1/2"]
[WhiteElo "2124"]
[BlackElo "2190"]
[PlyCount "76"]
[EventDate "2005.??.??"]
[EventType "corr"]
[EventRounds "2"]
[SourceDate "2006.01.27"]

1. d4 d5 2. c4 e6 3. Nc3 Nf6 4. Bg5 Nbd7 5. e3 c6 6. Nf3 Qa5 7. Nd2 Bb4 8. Qc2
O-O 9. Be2 dxc4 10. Bxf6 Nxf6 11. Nxc4 Qf5 12. Bd3 Qh5 13. O-O Ng4 14. h3 Nf6
15. a3 Be7 16. Rac1 Rd8 17. Ne4 Nxe4 18. Bxe4 Bd7 19. f4 f6 20. b4 Rab8 21. Bf3
Qh6 22. Bg4 Kh8 23. Kh1 g6 24. Qf2 Rf8 25. Qg3 Rg8 26. Rcd1 Rbf8 27. Be2 Bc8
28. e4 Rg7 29. Qe3 f5 30. Ne5 g5 31. Bc4 g4 32. exf5 exf5 33. Rd3 b5 34. Bb3
Bb7 35. Kh2 gxh3 36. Qxh3 Qxh3+ 37. gxh3 c5 38. dxc5 Rg2+ 1/2-1/2

[Event "MCRE_CF08"]
[Site "?"]
[Date "2005.??.??"]
[Round "?"]
[White "Nigrin, Jiri"]
[Black "Rotter, Walter"]
[Result "0-1"]
[WhiteElo "2094"]
[BlackElo "1964"]
[PlyCount "76"]
[EventDate "2005.??.??"]
[EventType "corr"]
[EventRounds "2"]
[SourceDate "2006.01.27"]

1. d4 Nf6 2. c4 e6 3. Nf3 d5 4. Nc3 c6 5. Bg5 h6 6. Bh4 dxc4 7. e4 g5 8. Bg3 b5
9. Be2 Bb4 10. Qc2 Bb7 11. e5 Nh5 12. O-O-O Na6 13. Nd2 Nxg3 14. hxg3 Qa5 15.
Kb1 Nc7 16. Rh2 O-O-O 17. Nde4 Qb6 18. Bh5 Rxd4 19. Bxf7 Rxd1+ 20. Qxd1 Bxc3
21. bxc3 b4 22. cxb4 c5 23. Nd6+ Kb8 24. Qe2 Bd5 25. b5 Nxb5 26. Nxb5 Qxb5+ 27.
Ka1 Qa5 28. Bg6 Kc7 29. Rh1 Rb8 30. Rb1 Qc3+ 31. Rb2 Rxb2 32. Qxb2 Qe1+ 33. Bb1
Bxg2 34. g4 Bf3 35. a4 Be4 36. Qb5 Qxb1+ 37. Qxb1 Bxb1 38. Kxb1 Kc6 0-1

[Event "MCRE_CF08"]
[Site "?"]
[Date "2005.??.??"]
[Round "?"]
[White "Pauschek, Roman"]
[Black "Stika, Vaclav"]
[Result "1/2-1/2"]
[WhiteElo "2124"]
[BlackElo "2028"]
[PlyCount "60"]
[EventDate "2005.??.??"]
[EventType "corr"]
[EventRounds "2"]
[SourceDate "2006.01.27"]

1. d4 Nf6 2. c4 e6 3. Nf3 d5 4. Nc3 Be7 5. Bf4 O-O 6. e3 Nbd7 7. c5 c6 8. Bd3
b6 9. b4 a5 10. a3 Ba6 11. O-O Qc8 12. h3 Bxd3 13. Qxd3 Qb7 14. Rfb1 axb4 15.
axb4 b5 16. Bg5 Rfe8 17. Qd1 Rec8 18. Ne5 Bd8 19. Bf4 Nxe5 20. Bxe5 Be7 21. Ne2
Nd7 22. Rxa8 Rxa8 23. Ra1 Nxe5 24. dxe5 f6 25. f4 fxe5 26. fxe5 Bg5 27. Nf4
Rxa1 28. Qxa1 h5 29. g3 Bxf4 30. exf4 Qf7 1/2-1/2

[Event "MCRE_CF08"]
[Site "?"]
[Date "2005.??.??"]
[Round "?"]
[White "Bultman, Milan"]
[Black "Stika, Vaclav"]
[Result "1/2-1/2"]
[WhiteElo "2141"]
[BlackElo "2028"]
[PlyCount "46"]
[EventDate "2005.??.??"]
[EventType "corr"]
[EventRounds "2"]
[SourceDate "2006.01.27"]

1. e4 e5 2. Nf3 Nc6 3. Bb5 a6 4. Bxc6 dxc6 5. O-O Bg4 6. h3 Bh5 7. g4 Bg6 8.
Nxe5 Qd4 9. Nf3 Qd7 10. d4 O-O-O 11. Ne5 Qxd4 12. Qxd4 Rxd4 13. f3 Rd8 14. Kg2
Bd6 15. Nxg6 hxg6 16. Be3 f5 17. Nd2 Nf6 18. Bg5 Be7 19. Rad1 Rhe8 20. Bf4 Bd6
21. Bg5 Be7 22. Bf4 Bd6 23. Bg5 Be7 1/2-1/2

[Event "MCRE_CF08"]
[Site "?"]
[Date "2005.??.??"]
[Round "?"]
[White "Struzka, Vlastimil"]
[Black "Rotter, Walter"]
[Result "1/2-1/2"]
[WhiteElo "2190"]
[BlackElo "1964"]
[PlyCount "110"]
[EventDate "2005.??.??"]
[EventType "corr"]
[EventRounds "2"]
[SourceDate "2006.01.27"]

1. d4 Nf6 2. Nf3 e6 3. Bg5 c5 4. e4 cxd4 5. e5 h6 6. Bh4 g5 7. Bg3 Nh5 8. Qxd4
Nc6 9. Qe3 Bg7 10. Nc3 g4 11. Nd2 Qg5 12. Nc4 Qxe3+ 13. Nxe3 Nxg3 14. hxg3 Nxe5
15. O-O-O a6 16. Ne2 b5 17. Nf4 f5 18. Nh5 Bf8 19. Re1 d6 20. Nf4 Kf7 21. Rh5
Bb7 22. a4 Be4 23. axb5 axb5 24. Bxb5 d5 25. Kd2 Ra5 26. Bd3 d4 27. Bxe4 dxe3+
28. Rxe3 Nc4+ 29. Ke2 Nxe3 30. fxe3 Bg7 31. Bd3 Bxb2 32. Bc4 Kf6 33. Bxe6 Re5
34. Bd7 Rh7 35. Bc8 Rc5 36. Be6 Bc1 37. c4 Re5 38. Bc8 Rh8 39. Bd7 Rxe3+ 40.
Kd1 Rd8 41. Rxh6+ Kg7 42. Rd6 Re7 43. Kxc1 Rdxd7 44. Rc6 Kf7 45. Rc5 Re1+ 46.
Kc2 Kf6 47. Rc6+ Ke7 48. Nd5+ Kf8 49. Kd2 Rg1 50. Ke3 Rxg2 51. Kf4 Rf7 52. c5
Rf2+ 53. Kg5 Rd2 54. Rc8+ Kg7 55. Nf4 Kh7 1/2-1/2

[Event "MCRE_CF08"]
[Site "?"]
[Date "2005.??.??"]
[Round "?"]
[White "Rotter, Walter"]
[Black "Struzka, Vlastimil"]
[Result "0-1"]
[WhiteElo "1964"]
[BlackElo "2190"]
[PlyCount "108"]
[EventDate "2005.??.??"]
[EventType "corr"]
[EventRounds "2"]
[SourceDate "2006.01.27"]

1. d4 d5 2. c4 e6 3. Nf3 Nc6 4. Nc3 Be7 5. e3 Nf6 6. Be2 O-O 7. O-O a6 8. Ne5
Na5 9. cxd5 exd5 10. Bd2 Be6 11. Na4 Nc4 12. Nxc4 dxc4 13. Bf3 Rb8 14. Re1 b5
15. Nc3 c5 16. Ne2 Bf5 17. Rc1 Be4 18. Ng3 Bg6 19. Bc3 cxd4 20. Qxd4 Qc7 21.
Qf4 Bd6 22. Qh4 Be5 23. Bxe5 Qxe5 24. b3 Bd3 25. Ne2 Rbc8 26. Nd4 Ne4 27. Qf4
Qxf4 28. exf4 Rfe8 29. Nf5 Rcd8 30. bxc4 bxc4 31. Ne3 Nf6 32. g3 Rd4 33. Red1
Kf8 34. Bb7 a5 35. Rc3 Ne4 36. Bxe4 Rdxe4 37. Rdc1 a4 38. Ra3 Ra8 39. Rac3 Rae8
40. h4 Rxe3 41. fxe3 Rxe3 42. Ra3 Rxg3+ 43. Kf2 Rg4 44. Rxa4 Rxf4+ 45. Kg3 Re4
46. Ra8+ Ke7 47. Ra7+ Ke6 48. a4 h5 49. a5 Rg4+ 50. Kh3 Bf5 51. Rc3 Be4 52. Rg3
Rf4 53. a6 Rf1 54. Rd3 cxd3 0-1

[Event "MCRE_CF08"]
[Site "?"]
[Date "2005.??.??"]
[Round "?"]
[White "Stika, Vaclav"]
[Black "Pauschek, Roman"]
[Result "1/2-1/2"]
[WhiteElo "2028"]
[BlackElo "2124"]
[PlyCount "69"]
[EventDate "2005.??.??"]
[EventType "corr"]
[EventRounds "2"]
[SourceDate "2006.01.27"]

1. e4 e5 2. Nf3 Nc6 3. Bb5 a6 4. Ba4 Nf6 5. O-O Be7 6. Re1 b5 7. Bb3 O-O 8. c3
d5 9. exd5 Nxd5 10. Nxe5 Nxe5 11. Rxe5 c6 12. d4 Bd6 13. Re1 Qh4 14. g3 Qh3 15.
Be3 Bg4 16. Qd3 Rae8 17. Nd2 Re6 18. Bxd5 cxd5 19. a4 b4 20. Qf1 Qh5 21. c4
dxc4 22. Qxc4 Rd8 23. Rac1 Bf8 24. Qc7 Qd5 25. Qc4 Qh5 26. Qc7 Qd5 27. Qf4 f5
28. Qc7 Bh3 29. f3 Rxe3 30. Rxe3 Qxd4 31. Qc4+ Qxc4 32. Nxc4 Bc5 33. Kf2 g5 34.
f4 h6 35. Ke2 1/2-1/2

[Event "MCRE_CF08"]
[Site "?"]
[Date "2005.??.??"]
[Round "?"]
[White "Nigrin, Jiri"]
[Black "Struzka, Vlastimil"]
[Result "0-1"]
[WhiteElo "2004"]
[BlackElo "2190"]
[PlyCount "78"]
[EventDate "2005.??.??"]
[EventType "corr"]
[EventRounds "2"]
[SourceDate "2006.01.27"]

1. e4 e5 2. Nf3 Nf6 3. Nxe5 Qe7 4. d4 Nc6 5. Nc3 Nxe5 6. dxe5 Qxe5 7. f4 Qe7 8.
Qd4 b6 9. e5 Bb7 10. Be2 Ng8 11. Qf2 O-O-O 12. O-O h5 13. a4 a5 14. Be3 Nh6 15.
Bf3 Ng4 16. Bxb7+ Kxb7 17. Qf3+ c6 18. Rad1 Qh4 19. h3 Nxe3 20. Qxe3 Bc5 21.
Rd4 d5 22. Ne2 Qe7 23. Qc3 f6 24. Kh1 fxe5 25. Rdd1 e4 26. f5 Rhf8 27. Nd4 Bxd4
28. Qxd4 c5 29. Qd2 d4 30. Rde1 e3 31. Qd3 Qe5 32. Kg1 Rd6 33. c3 Rdf6 34. cxd4
cxd4 35. Rc1 h4 36. Rc2 Rxf5 37. Rxf5 Rxf5 38. Qc4 Qc5 39. Qd3 Qd5 0-1

[Event "MCRE_CF08"]
[Site "?"]
[Date "2005.??.??"]
[Round "?"]
[White "Struzka, Vlastimil"]
[Black "Stika, Vaclav"]
[Result "0-1"]
[WhiteElo "2190"]
[BlackElo "2028"]
[PlyCount "118"]
[EventDate "2005.??.??"]
[EventType "corr"]
[EventRounds "2"]
[SourceDate "2006.01.27"]

1. d4 Nf6 2. Nf3 d5 3. e3 c5 4. c4 e6 5. cxd5 exd5 6. Nc3 Nc6 7. Bb5 a6 8. Be2
Bd6 9. dxc5 Bxc5 10. O-O O-O 11. Qc2 Be6 12. b3 d4 13. Rd1 Rc8 14. Bb2 Re8 15.
exd4 Nxd4 16. Nxd4 Bxd4 17. Qd2 Be5 18. Qxd8 Rcxd8 19. Bf3 b5 20. Rxd8 Rxd8 21.
Rd1 Rd7 22. Bc6 Rxd1+ 23. Nxd1 Bxb2 24. Nxb2 Kf8 25. a4 bxa4 26. bxa4 Ke7 27.
a5 Bd5 28. Ba4 Kd6 29. Bd1 Ne8 30. Nd3 Nc7 31. Be2 Bc4 32. f4 Nb5 33. Bf1 Bxd3
34. Bxd3 h6 35. Bc4 f6 36. Kf2 Kc5 37. Ba2 Kb4 38. Kg3 Nd6 39. Bb1 Kxa5 40. Bd3
Nb5 41. Kf2 Kb4 42. Ke3 a5 43. Kd2 Nd4 44. Kc1 Kc3 45. Ba6 f5 46. Bc8 g5 47.
fxg5 hxg5 48. Kb1 f4 49. Ka2 Kb4 50. Kb2 a4 51. h3 a3+ 52. Ka2 Ne2 53. Bf5 Nc3+
54. Ka1 Kc4 55. Bc8 Kd4 56. Bg4 Ke3 57. Bf3 Kf2 58. Bb7 Kg3 59. Bf3 Nd1 0-1

[Event "MCRE_CF08"]
[Site "?"]
[Date "2005.??.??"]
[Round "?"]
[White "Bultman, Milan"]
[Black "Struzka, Vlastimil"]
[Result "1/2-1/2"]
[WhiteElo "2141"]
[BlackElo "2190"]
[PlyCount "83"]
[EventDate "2005.??.??"]
[EventType "corr"]
[EventRounds "2"]
[SourceDate "2006.01.27"]

1. e4 e5 2. Nf3 Nc6 3. Bb5 a6 4. Bxc6 dxc6 5. O-O Bg4 6. h3 Bh5 7. g4 Bg6 8.
Nxe5 Qd4 9. Nf3 Qd7 10. d4 O-O-O 11. Nc3 Bb4 12. a3 Bxc3 13. bxc3 Bxe4 14. Ne5
Qe6 15. Re1 Nf6 16. f3 Bd5 17. Qd3 b5 18. Bf4 Nd7 19. a4 Qf6 20. Qd2 Rhe8 21.
Kh2 Bc4 22. Nxc4 bxc4 23. Bg5 Qd6+ 24. Kg2 f6 25. Bf4 Qf8 26. a5 g5 27. Bg3 h5
28. gxh5 Qh6 29. Rxe8 Rxe8 30. d5 c5 31. Rc1 Qxh5 32. d6 c6 33. Re1 Rh8 34. Kf2
Qxh3 35. Qe2 Ne5 36. Qe4 Qh7 37. Qxh7 Rxh7 38. Bxe5 fxe5 39. Kg3 Kd7 40. Rxe5
Kxd6 41. Rxg5 Rb7 42. Rg6+ 1/2-1/2

[Event "MCRE_CF08"]
[Site "?"]
[Date "2005.??.??"]
[Round "?"]
[White "Nigrin, Jiri"]
[Black "Bultman, Milan"]
[Result "1/2-1/2"]
[WhiteElo "2004"]
[BlackElo "2141"]
[PlyCount "50"]
[EventDate "2005.??.??"]
[EventType "corr"]
[EventRounds "2"]
[SourceDate "2006.01.27"]

1. d4 Nf6 2. c4 g6 3. Nc3 Bg7 4. e4 d6 5. Be2 c5 6. d5 Qa5 7. Bd2 O-O 8. Nf3
Qb6 9. O-O Bd7 10. Rb1 Re8 11. Re1 Ng4 12. Nh4 Nf6 13. f4 e5 14. f5 Qd8 15. Rf1
Rf8 16. Qe1 a6 17. a4 Qe8 18. a5 Bc8 19. Bf3 Nbd7 20. Na4 Rb8 21. g4 b5 22.
axb6 h6 23. Ba5 g5 24. Ng2 Bb7 25. Qg3 Qe7 1/2-1/2

[Event "MCRE_CF08"]
[Site "?"]
[Date "2005.??.??"]
[Round "?"]
[White "Bultman, Milan"]
[Black "Nigrin, Jiri"]
[Result "1/2-1/2"]
[WhiteElo "2141"]
[BlackElo "2004"]
[PlyCount "49"]
[EventDate "2005.??.??"]
[EventType "corr"]
[EventRounds "2"]
[SourceDate "2006.01.27"]

1. e4 Nc6 2. d4 e5 3. d5 Nce7 4. Nf3 Ng6 5. Bd3 Nf6 6. O-O Be7 7. c4 O-O 8. Nc3
c5 9. Ne1 d6 10. a3 Bd7 11. Nc2 Ne8 12. Qh5 Nf4 13. Bxf4 exf4 14. Ne1 Bf6 15.
Nf3 g6 16. Qh6 Be5 17. g3 Qf6 18. Nxe5 dxe5 19. Rfe1 g5 20. Qxf6 Nxf6 21. Kg2
h6 22. Bc2 Rfd8 23. Ba4 Kf8 24. Bxd7 Nxd7 25. Kf3 1/2-1/2

[Event "MCRE_CF08"]
[Site "?"]
[Date "2005.??.??"]
[Round "?"]
[White "Pauschek, Roman"]
[Black "Bultman, Milan"]
[Result "1/2-1/2"]
[WhiteElo "2124"]
[BlackElo "2141"]
[PlyCount "52"]
[EventDate "2005.??.??"]
[EventType "corr"]
[EventRounds "2"]
[SourceDate "2006.01.27"]

1. d4 Nf6 2. c4 g6 3. Nc3 Bg7 4. e4 d6 5. f4 c5 6. d5 O-O 7. Nf3 e6 8. Be2 Re8
9. O-O exd5 10. exd5 Na6 11. Bd3 Ng4 12. h3 Nh6 13. a3 Nc7 14. Bd2 Bf5 15. Qc2
b5 16. Nxb5 Nxb5 17. cxb5 Qb6 18. Kh2 Rac8 19. a4 Qb7 20. Bc3 Qxd5 21. Bxf5
Nxf5 22. Bxg7 Kxg7 23. Rfe1 Kg8 24. Rad1 Qa2 25. Ra1 Qd5 26. Rad1 Qa2 1/2-1/2

[Event "MCRE_CF08"]
[Site "?"]
[Date "2005.??.??"]
[Round "?"]
[White "Nigrin, Jiri"]
[Black "Pauschek, Roman"]
[Result "1/2-1/2"]
[WhiteElo "2004"]
[BlackElo "2124"]
[PlyCount "51"]
[EventDate "2005.??.??"]
[EventType "corr"]
[EventRounds "2"]
[SourceDate "2006.01.27"]

1. e4 e5 2. Bc4 Nf6 3. d4 exd4 4. Nf3 Nc6 5. Ng5 Ne5 6. Qxd4 Nxc4 7. Qxc4 d5 8.
exd5 Qxd5 9. Qe2+ Be6 10. Nxe6 Qxe6 11. Qxe6+ fxe6 12. Ke2 O-O-O 13. Be3 Nd5
14. Nd2 Be7 15. Ne4 Nxe3 16. Kxe3 Rd5 17. c4 Bc5+ 18. Ke2 Re5 19. f3 Bd4 20.
Rab1 Ra5 21. a3 Rd8 22. Rhc1 a6 23. c5 Rd5 24. Rd1 Be5 25. g3 Kd7 26. f4
1/2-1/2

[Event "MCRE_CF08"]
[Site "?"]
[Date "2005.??.??"]
[Round "?"]
[White "Pauschek, Roman"]
[Black "Nigrin, Jiri"]
[Result "1/2-1/2"]
[WhiteElo "2124"]
[BlackElo "2004"]
[PlyCount "56"]
[EventDate "2005.??.??"]
[EventType "corr"]
[EventRounds "2"]
[SourceDate "2006.01.27"]

1. e4 Nc6 2. d4 e5 3. dxe5 Nxe5 4. Nf3 Nxf3+ 5. Qxf3 Qf6 6. Qg3 Qg6 7. Qxc7 Bd6
8. Qc4 Nf6 9. Nc3 Be5 10. Nd5 Qxe4+ 11. Qxe4 Nxe4 12. f4 Bd6 13. Bd3 f5 14.
Bxe4 fxe4 15. Be3 Kf7 16. c4 b6 17. Ke2 Ba6 18. b3 Rac8 19. Rhd1 Ba3 20. Bc1
Bc5 21. a3 Ke6 22. Be3 Bb7 23. a4 Rhf8 24. g4 g6 25. Rd2 d6 26. Rad1 Bc6 27. h4
Rf7 28. Rc1 a5 1/2-1/2

[Event "MCRE_CF08"]
[Site "?"]
[Date "2005.??.??"]
[Round "?"]
[White "Struzka, Vlastimil"]
[Black "Nigrin, Jiri"]
[Result "1-0"]
[WhiteElo "2190"]
[BlackElo "2004"]
[PlyCount "113"]
[EventDate "2005.??.??"]
[EventType "corr"]
[EventRounds "2"]
[SourceDate "2006.01.27"]

1. d4 Nc6 2. d5 Ne5 3. e4 e6 4. dxe6 dxe6 5. Qxd8+ Kxd8 6. Nc3 Bc5 7. Bf4 Ng6
8. Bg3 Nf6 9. h4 Nh5 10. Bh2 Bd7 11. Be2 Nhf4 12. h5 Nxe2 13. Ngxe2 Ne7 14.
O-O-O Nc6 15. h6 g6 16. Rd3 Kc8 17. Rhd1 Rd8 18. e5 Nb4 19. Rf3 Be8 20. a3 Nd5
21. Ne4 Be7 22. Nd4 b5 23. Rh3 c5 24. Nf3 f6 25. Re1 Bf7 26. exf6 Nxf6 27. Neg5
Bg8 28. Nxe6 Rd7 29. Neg5 Nd5 30. Ne4 Be6 31. Rg3 Bf5 32. Ne5 Rc7 33. Rb3 a6
34. Nf7 Bxe4 35. Bxc7 Kxc7 36. Rxe4 Rf8 37. Rd3 Rxf7 38. Rxd5 Kc6 39. Rd1 Bg5+
40. Kb1 Bxh6 41. Re6+ Kc7 42. Rxa6 Kb7 43. Re6 Kc7 44. f3 Bf8 45. Rd3 Rf4 46.
Ra6 Kb7 47. Ra5 Kb6 48. Ra8 Kb7 49. Rdd8 Bd6 50. Rh8 Rh4 51. Ra5 Kb6 52. Rha8
Kc6 53. R8a6+ Kd5 54. Rxb5 Rh2 55. Rb7 Bg3 56. Rd7+ Ke5 57. Rd2 1-0

[Event "MCRE_CF08"]
[Site "?"]
[Date "2005.??.??"]
[Round "?"]
[White "Stika, Vaclav"]
[Black "Struzka, Vlastimil"]
[Result "1/2-1/2"]
[WhiteElo "2028"]
[BlackElo "2190"]
[PlyCount "119"]
[EventDate "2005.??.??"]
[EventType "corr"]
[EventRounds "2"]
[SourceDate "2006.01.27"]

1. e4 e5 2. Nf3 Nc6 3. Bb5 a6 4. Ba4 Bc5 5. O-O Qf6 6. d3 Nge7 7. Bg5 Qg6 8.
Bxc6 Nxc6 9. Nc3 O-O 10. Nd5 Bd6 11. Bd2 Qh5 12. a3 b6 13. Ne3 Bc5 14. Nf5 Rd8
15. Nxe5 Qxd1 16. Raxd1 Nxe5 17. d4 d5 18. dxc5 Bxf5 19. exf5 bxc5 20. b3 Nc6
21. Be3 d4 22. Bf4 Rd5 23. Bxc7 Rxf5 24. Rfe1 h5 25. Bb6 a5 26. a4 Kh7 27. Kf1
Ra6 28. Bc7 Nb4 29. Rd2 Nd5 30. Bg3 Ra8 31. Rde2 Kg6 32. Rd2 Rc8 33. h3 Nc3 34.
Re7 Rc6 35. Bh2 Rff6 36. Rd3 h4 37. Be5 Rfe6 38. Rxe6+ Rxe6 39. Bf4 Ne4 40. Bc7
Ra6 41. Rd1 f6 42. Re1 Kf5 43. Ke2 g5 44. g4+ hxg3 45. fxg3 Nc3+ 46. Kd3 Nd5
47. g4+ Kg6 48. Bg3 Nb4+ 49. Kd2 Rc6 50. c3 Nd5 51. cxd4 cxd4 52. Re4 Ne3 53.
Kd3 Nc2 54. Bf2 Rc3+ 55. Kd2 Nb4 56. Bxd4 Rxh3 57. Bb6 Rd3+ 58. Ke2 Rxb3 59.
Bxa5 Rb2+ 60. Ke3 1/2-1/2

[Event "MCRE_CF08"]
[Site "?"]
[Date "2005.??.??"]
[Round "?"]
[White "Stika, Vaclav"]
[Black "Rotter, Walter"]
[Result "1/2-1/2"]
[WhiteElo "2028"]
[BlackElo "1964"]
[PlyCount "79"]
[EventDate "2005.??.??"]
[EventType "corr"]
[EventRounds "2"]
[SourceDate "2006.01.27"]

1. e4 e5 2. Nf3 Nf6 3. d4 exd4 4. e5 Ne4 5. Qxd4 d5 6. exd6 Nxd6 7. Nc3 Nc6 8.
Qf4 Be7 9. Bd3 Be6 10. O-O Qd7 11. Be3 O-O 12. Rad1 Bf6 13. Ne4 Bxb2 14. Nxd6
cxd6 15. Ng5 g6 16. Rb1 Bg7 17. Qh4 h5 18. Nxe6 Qxe6 19. Rxb7 Qxa2 20. Bc4 Qxc2
21. Rc7 Rac8 22. Bxf7+ Kh7 23. Rxc8 Rxc8 24. Bd5 Qf5 25. Be4 Qg4 26. Qxg4 hxg4
27. Rb1 a5 28. Rb6 Ne7 29. Rxd6 Rc4 30. Bd3 Ra4 31. Kf1 Nf5 32. Ra6 Ra1+ 33.
Ke2 Ra2+ 34. Kd1 Ra1+ 35. Kc2 a4 36. Be4 Ra2+ 37. Kd3 Ra3+ 38. Kc4 Nxe3+ 39.
fxe3 Rxe3 40. Bxg6+ 1/2-1/2

[Event "MCRE_CF08"]
[Site "?"]
[Date "2005.??.??"]
[Round "?"]
[White "Stika, Vaclav"]
[Black "Bares, Jiri"]
[Result "0-1"]
[WhiteElo "2028"]
[BlackElo "2174"]
[PlyCount "82"]
[EventDate "2005.??.??"]
[EventType "corr"]
[EventRounds "2"]
[SourceDate "2006.01.27"]

1. e4 c5 2. Nf3 d6 3. d4 cxd4 4. Nxd4 Nf6 5. Nc3 a6 6. Be2 e5 7. Nb3 Be7 8. Qd3
O-O 9. O-O Be6 10. Rd1 Nbd7 11. Qg3 Rc8 12. Rb1 b5 13. a3 Kh8 14. Bd3 Nb6 15.
Be3 Ng4 16. Bxb6 Qxb6 17. Nd2 Nh6 18. Nd5 Bxd5 19. exd5 f5 20. c3 Qc5 21. c4
Bf6 22. b4 Qb6 23. Qe3 Qxe3 24. fxe3 Bg5 25. cxb5 Bxe3+ 26. Kf1 e4 27. Be2 axb5
28. Bxb5 Rc3 29. a4 Ng4 30. Ke1 Bg5 31. Nc4 Nxh2 32. Rb2 Rg3 33. Kf2 f4 34. Bd7
Ng4+ 35. Bxg4 Rxg4 36. Nxd6 f3 37. Nxe4 Rxg2+ 38. Kf1 Rxb2 39. Nxg5 h6 40. Ne4
Rxb4 41. Ng3 Rxa4 0-1

[Event "MCRE_CF08"]
[Site "?"]
[Date "2005.??.??"]
[Round "?"]
[White "Bultman, Milan"]
[Black "Rotter, Walter"]
[Result "1-0"]
[WhiteElo "2141"]
[BlackElo "1964"]
[PlyCount "69"]
[EventDate "2005.??.??"]
[EventType "corr"]
[EventRounds "2"]
[SourceDate "2006.01.27"]

1. e4 e5 2. Nf3 Nf6 3. Nxe5 Qe7 4. Nf3 Qxe4+ 5. Be2 Be7 6. d4 O-O 7. O-O Qf5 8.
Re1 d5 9. Bg5 h6 10. Bd3 Qd7 11. Bf4 Nc6 12. c3 Qd8 13. Nbd2 Nh5 14. Be3 Nf6
15. Qb3 a6 16. Re2 Bd6 17. Rae1 Be6 18. Qc2 Re8 19. b3 Nh5 20. Bh7+ Kh8 21. Bg6
Nf6 22. Bd3 Qd7 23. Nh4 Ng4 24. Ndf3 Nxe3 25. Rxe3 Bf4 26. R3e2 Ne7 27. Ne5 Qd6
28. h3 Rad8 29. Qd1 Kg8 30. Bc2 Bg5 31. Nef3 Bf6 32. Qd3 Kf8 33. Rxe6 fxe6 34.
Qh7 Bxh4 35. Nxh4 1-0

[Event "MCRE_CF08"]
[Site "?"]
[Date "2005.??.??"]
[Round "?"]
[White "Struzka, Vlastimil"]
[Black "Bultman, Milan"]
[Result "1/2-1/2"]
[WhiteElo "2190"]
[BlackElo "2141"]
[PlyCount "97"]
[EventDate "2005.??.??"]
[EventType "corr"]
[EventRounds "2"]
[SourceDate "2006.01.27"]

1. d4 Nf6 2. c4 g6 3. Nc3 Bg7 4. e4 c5 5. e5 Ng8 6. Nf3 cxd4 7. Qxd4 Nc6 8. Qc5
f6 9. e6 d6 10. Qb5 Bxe6 11. Be2 Qd7 12. O-O Nh6 13. a4 Bf7 14. Rd1 O-O 15. a5
Ng4 16. h3 Nge5 17. Be3 Rad8 18. Nxe5 fxe5 19. Bg4 e6 20. a6 b6 21. Rac1 h5 22.
Bf3 Be8 23. Qb3 Nd4 24. Bxd4 exd4 25. Nb5 d5 26. Be2 Qf7 27. Bf3 dxc4 28. Qxc4
Kh8 29. Rc2 e5 30. Qd3 Bd7 31. Rc7 Bxb5 32. Rxf7 Bxd3 33. Rxf8+ Bxf8 34. Rxd3
Kg7 35. Kf1 Be7 36. Ke2 b5 37. Bb7 Kf7 38. Be4 h4 39. Rf3+ Kg7 40. Bb7 b4 41.
Kd3 Rd6 42. Ke4 Bf6 43. Rb3 Rb6 44. Rd3 Rb5 45. Rb3 Kf7 46. Bd5+ Ke7 47. Bc4
Rb6 48. g3 Rb8 49. gxh4 1/2-1/2

[Event "MCRE_CF08"]
[Site "?"]
[Date "2005.??.??"]
[Round "?"]
[White "Pauschek, Roman"]
[Black "Bares, Jiri"]
[Result "0-1"]
[WhiteElo "2124"]
[BlackElo "2174"]
[PlyCount "104"]
[EventDate "2005.??.??"]
[EventType "corr"]
[EventRounds "2"]
[SourceDate "2006.01.27"]

1. d4 Nf6 2. c4 c5 3. d5 e6 4. Nc3 exd5 5. cxd5 d6 6. Nf3 g6 7. g3 Bg7 8. Bg2
O-O 9. O-O Re8 10. Nd2 Nbd7 11. a4 a6 12. h3 Rb8 13. Nc4 Nb6 14. Na3 Bd7 15.
Bf4 Nh5 16. Bxd6 Bxc3 17. Bxb8 Bxb2 18. Ba7 Nxa4 19. Ra2 Bg7 20. Nb1 Qa8 21.
Rxa4 Qxa7 22. Ra2 b5 23. Qc2 c4 24. e3 Rc8 25. Nd2 a5 26. Rb1 Nf6 27. e4 Nh5
28. Nf1 Qb6 29. Qc1 b4 30. g4 Nf6 31. e5 Ne8 32. Qe3 Qxe3 33. Nxe3 Rc5 34. Bf1
c3 35. Nc4 Rxd5 36. Nb6 Rd4 37. Nxd7 Rxd7 38. Bc4 Bxe5 39. Re1 Nd6 40. Bb3 Bf4
41. Rxa5 Rc7 42. Rd5 c2 43. Bxc2 Rxc2 44. Rd4 Bd2 45. Rd1 Nc4 46. Rxc4 Rxc4 47.
Rxd2 b3 48. Rd8+ Kg7 49. Rb8 Rc3 50. h4 Kf6 51. Rb5 Ke6 52. Kf1 Kd6 0-1